| 000 | 00326nam a22001217a 4500 | ||
|---|---|---|---|
| 082 |
_aT-125 _bT-125 |
||
| 100 |
_aM.Mumtaz Khalid _947402 |
||
| 245 |
_aAn investigation into high-water table problem at kamra _cM.Mumtaz Khalid |
||
| 260 |
_aMCE _c1995 |
||
| 526 |
_a0 _b0 _c0 _dT_125 |
||
| 650 |
_aTHesis _934811 |
||
| 942 |
_2ddc _cBK |
||
| 999 |
_c550662 _d550662 |
||